000
00264nam a22000977a 4500
999
_c
11372
_d
11372
008
190402b ||||| |||| 00| 0 eng d
020
_a
9788177000313
100
_a
Arora Sumita
_9
7110
245
_a
Information Practices-XI
260
_a
New Delhi
_b
Dhanpat Rai & Co
_c
2013